| 000 | 01164cam a2200289 a 4500 | ||
|---|---|---|---|
| 001 | 17043557 | ||
| 005 | 20150510111032.0 | ||
| 008 | 111112t2012 mauad frb 001 0 eng d | ||
| 020 | _a9781856179294 | ||
| 040 |
_aDLC _cDLC _dEG-ScBUE |
||
| 082 | 0 | 4 |
_222 _bLYO _a622.3382 |
| 100 | 1 |
_aLyons, William C. _911294 |
|
| 245 | 1 | 0 |
_aFormulas and calculations for drilling, production, and workover : _ball the formulas you need to solve drilling and production problems / _cWilliam Lyons, Tom Carter, Norton J. Lapeyrouse. |
| 250 | _a3rd ed., Expanded and updated material. | ||
| 260 |
_aWaltham ; _aOxford : _bGulf Professional Publishing / Elsevier, _cc.2012. |
||
| 300 |
_ax, 293 p. : _bcharts, tables ; _c21 cm. |
||
| 500 | _aRev. ed. of : Formulas and calculations for drilling, production, and workover / Norton J. Lapeyrouse. | ||
| 500 | _aIndex : p. 285-293. | ||
| 504 | _aIncludes bibliographical references. | ||
| 650 | 7 |
_aOil wells _xManagement _xMathematics. _2BUEsh _937883 |
|
| 651 | _2BUEsh | ||
| 653 |
_bENGGEN _cMay2015 |
||
| 655 |
_vreading book _934232 |
||
| 700 | 1 |
_aCarter, Tom. _937884 |
|
| 700 | 1 |
_aLapeyrouse, Norton J. _937885 |
|
| 942 | _2ddc | ||
| 999 |
_c19319 _d19291 |
||